Influjo de la vida cristiana en los nombres de pueblos españoles

Պահպանված է:
Մատենագիտական մանրամասներ
Հիմնական հեղինակ: López Santos, Luis (autor)
Ձևաչափ: Գիրք
Լեզու:իսպաներեն
Հրապարակվել է: León, España Católica 1952
Խորագրեր:
Ցուցիչներ: Ավելացրեք ցուցիչ
Չկան պիտակներ, Եղեք առաջինը, ով նշում է այս գրառումը!

MARC

LEADER 00000nam a2200000 a 4500
001 UCO1230
003 CL-VaPUC
005 20241021164833.0
008 000512e19520000SP |||||||||||||||||spa|d
999 |c 287859  |d 287857 
040 |c Pontificia Universidad Católica de Valparaíso 
082 0 4 |a 914.6 LOP 1952  |2 21 
100 |a López Santos, Luis  |e autor  |9 443149 
245 1 0 |a Influjo de la vida cristiana en los nombres de pueblos españoles 
260 |a León, España  |b Católica  |c 1952 
300 |a 215 páginas 
583 |a last modification  |c 20180403 04:24:35  |k Rodrigo Vera 
650 0 |a Historia de España  |9 315435 
650 0 |a Toponimia  |z ESPAÑA  |9 443150 
650 7 |a SANTOS  |2 CL-VaPUC  |9 313738  |z ESPAÑA 
650 0 |a Ciudades  |z ESPAÑA  |9 265474 
852 |a BIBCUR 
942 |c BK  |2 ddc 
945 |d 20000512 00:00:00  |a rherrera 
952 |0 0  |1 0  |2 ddc  |4 0  |6 914_600000000000000_LOP_1952  |7 0  |8 A  |9 334925  |a BIBHIS  |b BIBHIS  |d 2019-11-20  |i 1269607  |o 914.6 LOP 1952  |p 1269607  |r 2025-01-20  |t 1  |w 2019-11-20  |y BK  |k HIS